| 000 | 00858nas a2200265 4500 | ||
|---|---|---|---|
| 001 | BR9606853 | ||
| 003 | BR-BrBNA | ||
| 005 | 20231205095912.0 | ||
| 007 | ta | ||
| 008 | 230509b bl.|||p| |||| 00| 00por d | ||
| 040 |
_aBR-BrBNA _bpor _cBiblioteca Nacional de Agricultura |
||
| 041 | _a(Pt) | ||
| 072 | _aL70 | ||
| 100 | 1 | _aPolydoro, A. da S. | |
| 100 | 1 | _aNatalini, C.C. | |
| 100 | 1 | _aFutema, F. | |
| 100 | 1 | _aHennemann, C.R. de A. | |
| 245 | 1 | _aAvaliacao comparativa entre o besilato de atracurio e o cloreto de alcuronio sobre a frequencia cardiaca e a ventilometria de caes anestesiados com halotano | |
| 650 | _aCao | ||
| 650 | _aAnestesia | ||
| 650 | _aMedicamento | ||
| 773 | 0 |
_tCiencia Rural (Brazil) _xISSN 0103-8478 _g(May-Aug 1996), v. 26(2) p. 217-222 _wBR9606853 |
|
| 909 |
_a202311 _bLúcia _c55 _dLúcia Elande |
||
| 942 |
_2AGRIS _n0 _cANA |
||
| 999 |
_c153371 _d153371 |
||